غوامض الليل كاملة في كتاب / (رقم التسجيلة. 109698)
[ عرض عادي ]
| 000 -LEADER | |
|---|---|
| fixed length control field | 00639nam a22002177a 4500 |
| 005 - DATE AND TIME OF LATEST TRANSACTION | |
| control field | 20251108173657.0 |
| 008 - FIXED-LENGTH DATA ELEMENTS--GENERAL INFORMATION | |
| fixed length control field | 250721s2002 xx 000 0 ara d |
| 020 ## - INTERNATIONAL STANDARD BOOK NUMBER | |
| International Standard Book Number | 9953295115 |
| 082 14 - DEWEY DECIMAL CLASSIFICATION NUMBER | |
| Classification number | ط/523.1/تاغ |
| 100 1# - MAIN ENTRY--PERSONAL NAME | |
| Personal name | تاغولم، سالي |
| 245 10 - TITLE STATEMENT | |
| Title | غوامض الليل كاملة في كتاب / |
| 264 1# - PRODUCTION, PUBLICATION, DISTRIBUTION, MANUFACTURE, AND COPYRIGHT NOTICE | |
| Place of production, publication, distribution, manufacture | بيروت : |
| Name of producer, publisher, distributor, manufacturer | الدار العربية للعلوم، |
| Date of production, publication, distribution, manufacture, or copyright notice | 2002. |
| 300 ## - PHYSICAL DESCRIPTION | |
| Extent | 93ص. |
| 490 0# - SERIES STATEMENT | |
| Series statement | كتابي المفضل |
| 650 17 - SUBJECT ADDED ENTRY--TOPICAL TERM | |
| Topical term or geographic name as entry element | النظام الشمسي |
| 650 17 - SUBJECT ADDED ENTRY--TOPICAL TERM | |
| Topical term or geographic name as entry element | الأرض |
| 653 ## - INDEX TERM--UNCONTROLLED | |
| Uncontrolled term | الليل |
| 653 ## - INDEX TERM--UNCONTROLLED | |
| Uncontrolled term | ناشئون صغار (10-14)سنة |
| 942 ## - ADDED ENTRY ELEMENTS (KOHA) | |
| Source of classification or shelving scheme | Dewey Decimal Classification |
| Koha item type | كتب |
| حالة السحب | حالة الفقدان | مصدر التصنيف | حالة التلف | غير قابل للإعارة | المكتبة الرئيسية | المكتبة الحالية | موقع الرف | تاريخ التزويد | الرقم المتسلسل | Total Checkouts | رقم الإستدعاء | الباركود | تاريخ آخر ظهور | تاريخ الفاتورة | نوع المادة (كوها) |
|---|---|---|---|---|---|---|---|---|---|---|---|---|---|---|---|
| Dewey Decimal Classification | المكتبة المركزية | المكتبة المركزية | مقتنيات قسم التزويد | 28/07/2025 | 1190363 | ط/523.1/تاغ | 28/07/2025 | 28/07/2025 | كتب | ||||||
| Dewey Decimal Classification | مكتبة البشائر للأطفال | مكتبة البشائر للأطفال | الإعارة | 16/05/2015 | 527035 | ط/523.1/تاغ | PLD00324294 | 28/07/2025 | 16/05/2015 | كتب | |||||
| Dewey Decimal Classification | مكتبة قتيبة للأطفال | مكتبة قتيبة للأطفال | الأطفال | 05/03/2018 | 1667677 | ط/523.1/تاغ | PLD00418698 | 28/07/2025 | 05/03/2018 | كتب | |||||
| Dewey Decimal Classification | مكتبة الأميرة سلمى | مكتبة الأميرة سلمى | الأطفال | 01/03/2016 | 565908 | ط/523.1/تاغ | PLD00377303 | 28/07/2025 | 01/03/2016 | كتب | |||||
| Dewey Decimal Classification | مكتبة الياسمين للأطفال | مكتبة الياسمين للأطفال | الأطفال | 25/03/2014 | 557849 | ط/523.1/تاغ | PLD00296513 | 28/07/2025 | 25/03/2014 | كتب | |||||
| Dewey Decimal Classification | مكتبة مرج الحمام | مكتبة مرج الحمام | الأطفال | 28/07/2025 | 1136678 | ط/523.1/تاغ | 1136678 | 28/07/2025 | 28/07/2025 | كتب |